000
00302nam a22001217a 4500
008
170524b xxu||||| |||| 00| 0 eng d
041
_a
eng
080
_a
62
100
_a
26
101
_a
IM
245
_a
ELECTRIC MOTOR AND GENERATOR DESIGN PHILOSOPHY PROCEDURES
_c
TRICKEY.P.H
942
_2
udc
_c
BK
999
_c
13968
_d
13968